Microsoft Office Word 2003 : Podrobná užívateľská príručka

Uložené v:
Podrobná bibliografia
Hlavný autor: Brož, Milan (Autor)
Médium: Kniha
Jazyk:Slovak
Vydavateľské údaje: Bratislava : Computer Press, 2003
Tagy: Pridať tag
Žiadne tagy, Buďte prvý, kto otaguje tento záznam!

MARC

LEADER 00000nam a22000003a 4500
001 stu96086
005 20150617225812.8
008 051014s2003----xo------------------slo-d
020 |a 80-89190-04-9 
040 |a STU  |b slo 
041 0 |a slo 
044 |a xo 
080 |a 004.42 Word 
100 1 |a Brož, Milan  |4 aut 
245 1 |a Microsoft Office Word 2003 :  |b Podrobná užívateľská príručka 
260 |a Bratislava :  |b Computer Press,  |c 2003 
300 |a VIII,392 s.;schémy 
500 |a prel. z českého orig. 
996 |c V*48933/O-21567  |l VV23  |s P  |a 0  |w stu96086_0001